Odpowiedzi obrazkowe najpopularniejszych quizów (PL) - Statystyki

Ogólne statystyki
  • Ten quiz został rozwiązany 14 razy
  • Średni wynik to 35 z 35
Statystyki odpowiedzi
Obrazkowy Hint Odpowiedź % Poprawnych
93% Adidas
100%
91% Audi
100%
93% Audi
100%
91% BMW
100%
78% Brazylia
100%
95% Brazylia
100%
99% Chiny
100%
100% Chiny
100%
96% Cypr
100%
93% Cypr
100%
78% Czechy
100%
96% Finlandia
100%
95% Ford
100%
98% Francja
100%
78% Francja
100%
97% Hiszpania
100%
99% Honda
100%
95% Izrael
100%
79% Japonia
100%
96% Japonia
100%
100% Japonia
100%
95% Japonia
100%
98% Korea Południowa
100%
95% Korea Południowa
100%
98% Lipton
100%
94% Mazda
100%
100% Niemcy
100%
90% Red Bull
100%
95% Rosja
100%
95% Stany Zjednoczone
100%
97% Szwecja
100%
99% Wielka Brytania
100%
88% Youtube
100%
79% Polska
93%
98% Polska
93%
Nie znaleziono quizów pasujących do podanych kryteriów
Rozkład punktacji
Procent ludzi z każdym wynikiem
Percentyl według liczby udzielonych odpowiedzi
Twoja historia wyników
Nie rozwiązałeś tego quizu